Les pokemons les plus légers - Statistiques

Statistiques générales
  • Ce quiz a été pris 12 fois
  • Le résultat moyen est 9 sur 50
Statistiques - réponses
Poids Réponse % Correct
0092 0,1 kg Fantominus
75%
0093 0,1 kg Spectrum
75%
0789 0,1 kg Cosmog
63%
0742 0,2 kg Bombydou
50%
0868 0,3 kg Crèmy
38%
0670 0,9 kg Floette
38%
0479 0,3 kg Motisma
38%
0743 0,5 kg Rubombelle
38%
0595 0,6 kg Statitik
38%
0854 0,2 kg Théffroi
38%
0869 0,5 kg Charmilly
25%
0669 0,1 kg Flabébé
25%
0746 0,3 kg Froussardine
25%
0850 1,0 kg Grillepattes
25%
0798 0,1 kg Katagami
25%
1025 0,3 kg Pêchaminus
25%
0855 0,4 kg Polthégeist
25%
0050 0,8 kg Taupiqueur
25%
0174 1,0 kg Toudoudou
25%
0482 0,3 kg Créfadet
13%
0481 0,3 kg Créfollet
13%
0480 0,3 kg Créhelf
13%
0200 1,0 kg Feuforêve
13%
0682 0,5 kg Fluvetin
13%
0919 1,0 kg Lilliterelle
13%
0774 0,3 kg Météno
13%
0351 0,8 kg Morphéo
13%
0841 1,0 kg Pomdrapi
13%
0050 1,0 kg TaupiqueurForme d'Alola
13%
0840 0,5 kg Verpom
13%
0946 0,6 kg Virovent
13%
0871 1,0 kg Wattapik
13%
0602 0,3 kg Anchwatt
0%
0864 0,4 kg Corayôme
0%
0222 0,5 kg CorayonForme de Galar
0%
0546 0,6 kg Doudouvet
0%
0846 1,0 kg Embrochet
0%
0358 1,0 kg Eoko
0%
0188 1,0 kg Floravol
0%
0187 0,5 kg Granivol
0%
0944 0,7 kg Gribouraigne
0%
0764 0,3 kg Guérilande
0%
0433 0,6 kg Korillon
0%
0953 1,0 kg Léboulérou
0%
0778 0,7 kg Mimiqui
0%
0999 0,1 kg Mordudor Forme Marche
0%
0577 1,0 kg Nucléos
0%
0109 1,0 kg Smogo
0%
0938 0,4 kg Têtampoule
0%
0590 1,0 kg Trompignon
0%
Aucun quiz correspondant
Distribution des résultats
% des personnes avec chaque résultat
Percentile par nombre de réponses
Votre historique - résultats
Vous n’avez pas pris ce quiz